000 00297nam a2200109Ia 4500
008 200302s9999 xx 000 0 und d
100 _afrancisco Asensio Cerver
245 _aCities Steering Towards sustainability
260 _bThe Energy and Resources Institute
260 _c2010
300 _a271 P
999 _c4263
_d4263